[Event "Skopje Karposh op"]
[Site "Skopje"]
[Date "2017.04.02"]
[Round "3"]
[White "Djukic, Nikola"]
[Black "Stathopoulos, Ioannis"]
[Result "1-0"]
[WhiteElo "2515"]
[BlackElo "2377"]
[PlyCount "116"]
[EventDate "2017.04.01"]
[EventType "swiss"]
[EventRounds "9"]
[EventCountry "MKD"]
[SourceTitle "CBM 177 Extra"]
[Source "ChessBase"]
[SourceDate "2017.04.27"]
[SourceVersion "1"]
[SourceVersionDate "2017.04.27"]
[SourceQuality "1"]

1. e4 e5 2. Nf3 Nc6 3. Bc4 Bc5 4. c3 Nf6 5. d3 0-0 6. 0-0 Bb6 7. Nbd2 d5 8. exd5 Nxd5 9. Ne4 Kh8 10. Re1 Bg4 11. h3 Bh5 12. Ng3 Bxf3 13. Qxf3 Nde7 14. Ne4 f6 15. b4 Qd7 16. a4 a5 17. b5 Na7 18. Ba3 Rae8 19. d4 Nac8 20. dxe5 fxe5 21. Bf7 Nd6 22. Bxd6 cxd6 23. Nf6 Qc8 24. Nxe8 Nf5 25. Qd5 Qd7 26. Nf6 gxf6 27. Be6 Ne7 28. Bxd7 Nxd5 29. c4 Nc7 30. Bf5 Na8 31. g3 Bd4 32. Ra2 Nb6 33. Rc1 Rf7 34. Kf1 Rc7 35. Ke2 Kg7 36. Bd3 d5 37. c5 e4 38. Bb1 Bxc5 39. Rd2 f5 40. Ba2 Kf6 41. Bxd5 Ke5 42. Bxb7 Nxa4 43. f4+ exf3+ 44. Bxf3 Nb6 45. Kf1 a4 46. Re1+ Kf6 47. Rc2 Bd6 48. Rxc7 Bxc7 49. Rc1 Bd8 50. Bd1 Ke5 51. Ra1 f4 52. gxf4+ Kxf4 53. Bxa4 Bf6 54. Ra2 h5 55. Rf2+ Ke5 56. Bd1 h4 57. Bg4 Be7 58. Re2+ Kd5 1-0

[Event "Moscow Aeroflot op-B 16th"]
[Site "Moscow"]
[Date "2017.02.28"]
[Round "8"]
[White "Spichkin, Alexander"]
[Black "Stathopoulos, Ioannis"]
[Result "0-1"]
[WhiteElo "2143"]
[BlackElo "2387"]
[PlyCount "108"]
[EventDate "2017.02.21"]
[EventType "swiss"]
[EventRounds "9"]
[EventCountry "RUS"]
[SourceTitle "CBM 177 Extra"]
[Source "ChessBase"]
[SourceDate "2017.04.27"]
[SourceVersion "1"]
[SourceVersionDate "2017.04.27"]
[SourceQuality "1"]

1. b4 e5 2. Bb2 Bxb4 3. Bxe5 Nf6 4. Nf3 0-0 5. c4 Nc6 6. Bb2 d5 7. cxd5 Qxd5 8. Bxf6 gxf6 9. Nc3 Bxc3 10. dxc3 Qa5 11. Qc1 Bg4 12. Nd2 Rad8 13. f3 Be6 14. Ne4 Bf5 15. Nxf6+ Kh8 16. g4 Qe5 17. g5 Rd3 18. f4 Qxc3+ 19. Qxc3 Rxc3 20. e4 Bxe4 21. Rg1 Rd8 22. Rg3 Rxg3 23. hxg3 Nb4 24. Rc1 Bc6 25. Rc3 Kg7 26. a3 Nd5 27. Rd3 Rd6 28. Nh5+ Kf8 29. Rb3 h6 30. gxh6 Rxh6 31. Be2 f5 32. Kf2 Be8 33. g4 fxg4 34. Ng3 Nxf4 35. Bxg4 Bc6 36. Nf5 Rf6 37. Kg3 Ne2+ 38. Kh4 Rxf5 39. Bxf5 Nd4 40. Rb2 Nxf5+ 41. Kg5 Nd6 42. Kf6 Ke8 43. Rh2 Kd8 44. Ke6 Bd7+ 45. Kd5 Ne8 46. Rh6 c6+ 47. Ke5 Kc7 48. Rg6 b5 49. a4 bxa4 50. Rh6 a3 51. Rh4 Nd6 52. Rh6 c5 53. Rh2 Nb5 54. Kd5 a2 0-1

[Event "Moscow Aeroflot op-B 16th"]
[Site "Moscow"]
[Date "2017.02.27"]
[Round "7"]
[White "Stathopoulos, Ioannis"]
[Black "Khomeriki, Nino"]
[Result "0-1"]
[WhiteElo "2387"]
[BlackElo "2317"]
[PlyCount "98"]
[EventDate "2017.02.21"]
[EventType "swiss"]
[EventRounds "9"]
[EventCountry "RUS"]
[SourceTitle "CBM 177 Extra"]
[Source "ChessBase"]
[SourceDate "2017.04.27"]
[SourceVersion "1"]
[SourceVersionDate "2017.04.27"]
[SourceQuality "1"]

1. d4 Nf6 2. c4 e6 3. Nf3 d5 4. Nc3 Bb4 5. e3 0-0 6. Bd2 b6 7. cxd5 exd5 8. Bd3 Nbd7 9. Qb3 c5 10. Nxd5 Bxd2+ 11. Kxd2 cxd4 12. exd4 Bb7 13. Ne3 Qc7 14. Rad1 Rac8 15. Bc2 Ne4+ 16. Ke2 Rfe8 17. Rhe1 Nef6 18. Kd2 Bxf3 19. gxf3 Qxh2 20. Rf1 Qf4 21. Kc1 Qxf3 22. Kb1 Ne4 23. Nc4 Qxb3 24. Bxb3 b5 25. Ne3 g6 26. Nd5 Kg7 27. f3 Nd6 28. Nc3 Nf6 29. Rd3 h5 30. a4 b4 31. Nb5 Nxb5 32. axb5 Rcd8 33. d5 Rd6 34. Rd4 Re3 35. Kc2 Re2+ 36. Kb1 Re3 37. Bc4 g5 38. Kc2 Nd7 39. Ra1 Rxf3 40. Rxa7 g4 41. Ra6 Rff6 42. Kb3 Nc5+ 43. Kxb4 Nxa6+ 44. bxa6 g3 45. a7 Rd8 46. d6 g2 47. Rd1 h4 48. Rg1 h3 49. Bd5 Rf1 0-1

[Event "Moscow Aeroflot op-B 16th"]
[Site "Moscow"]
[Date "2017.02.24"]
[Round "4"]
[White "Tsydypov, Zhamsaran"]
[Black "Stathopoulos, Ioannis"]
[Result "1-0"]
[WhiteElo "2485"]
[BlackElo "2387"]
[PlyCount "69"]
[EventDate "2017.02.21"]
[EventType "swiss"]
[EventRounds "9"]
[EventCountry "RUS"]
[SourceTitle "CBM 177 Extra"]
[Source "ChessBase"]
[SourceDate "2017.04.27"]
[SourceVersion "1"]
[SourceVersionDate "2017.04.27"]
[SourceQuality "1"]

1. e4 c5 2. Nf3 d6 3. d4 cxd4 4. Nxd4 Nf6 5. Nc3 a6 6. Bg5 Nbd7 7. Qe2 h6 8. Bh4 g6 9. f4 e5 10. Nf3 Qc7 11. 0-0-0 b5 12. a3 Bb7 13. g4 Rc8 14. Rg1 Be7 15. f5 Qa5 16. Be1 b4 17. Nd5 Nxd5 18. exd5 Qa4 19. Bxb4 Nb6 20. Nxe5 0-0 21. Nc6 Bg5+ 22. Kb1 Nxd5 23. Rxd5 Rfe8 24. Qd1 Qxc6 25. Bg2 Qc7 26. fxg6 Bxd5 27. Bxd5 Re5 28. Bxf7+ Kg7 29. Bxd6 Qa5 30. b4 Rb5 31. Be5+ Kf8 32. Qd6+ Be7 33. g7+ Kxf7 34. Rf1+ Kg8 35. Qe6+ 1-0

[Event "Moscow Aeroflot op-B 16th"]
[Site "Moscow"]
[Date "2017.02.23"]
[Round "3"]
[White "Stathopoulos, Ioannis"]
[Black "Assaubayeva, Bibissara"]
[Result "1-0"]
[WhiteElo "2387"]
[BlackElo "2177"]
[PlyCount "65"]
[EventDate "2017.02.21"]
[EventType "swiss"]
[EventRounds "9"]
[EventCountry "RUS"]
[SourceTitle "CBM 177 Extra"]
[Source "ChessBase"]
[SourceDate "2017.04.27"]
[SourceVersion "1"]
[SourceVersionDate "2017.04.27"]
[SourceQuality "1"]

1. d4 Nf6 2. c4 g6 3. Nc3 Bg7 4. e4 d6 5. Be2 0-0 6. Be3 c5 7. d5 e6 8. Nf3 exd5 9. cxd5 a6 10. a4 Bg4 11. 0-0 Bxf3 12. Bxf3 Re8 13. Qc2 Nbd7 14. Be2 Qc7 15. g4 h6 16. h4 h5 17. gxh5 gxh5 18. f3 Ne5 19. Kf2 Rab8 20. Rg1 Ng6 21. Rg3 Nxh4 22. Rag1 Ng6 23. f4 h4 24. Rg5 Nh7 25. R5g2 h3 26. Rh2 Qe7 27. Rxh3 Bd4 28. Qd2 Bxc3 29. Qxc3 Nf6 30. Bf3 Kf8 31. f5 Qxe4 32. Bh6+ Ke7 33. Re1 1-0

[Event "GRE-ch U20"]
[Site "Chania"]
[Date "2017.01.05"]
[Round "5"]
[White "Ioannidis, Evgenios"]
[Black "Stathopoulos, Ioannis"]
[Result "1/2-1/2"]
[WhiteElo "2319"]
[BlackElo "2398"]
[PlyCount "96"]
[EventDate "2017.01.02"]
[EventType "swiss"]
[EventRounds "9"]
[EventCountry "GRE"]
[SourceTitle "EXT 2024"]
[Source "ChessBase"]
[SourceDate "2023.10.10"]
[SourceVersion "1"]
[SourceVersionDate "2023.10.10"]
[SourceQuality "1"]

1. d4 Nf6 2. c4 g6 3. Nf3 Bg7 4. g3 0-0 5. Bg2 d6 6. 0-0 Nc6 7. Nc3 a6 8. b3 e5 9. d5 Ne7 10. e4 b5 11. Ne1 c5 12. dxc6 Nxc6 13. Nc2 bxc4 14. bxc4 Be6 15. Nd5 Rc8 16. Bg5 h6 17. Nxf6+ Bxf6 18. Bxh6 Re8 19. Be3 Bxc4 20. Re1 Bb5 21. a4 Bc4 22. Rb1 Qa5 23. Na3 Nd4 24. Bxd4 exd4 25. Nxc4 Rxc4 26. Bh3 Rd8 27. Bf1 Rxa4 28. Ra1 Rxa1 29. Qxa1 Qc3 30. Rc1 Qf3 31. Qxa6 Qxe4 32. Bd3 Qg4 33. Be2 Qe6 34. Bc4 d5 35. Bd3 Rd6 36. Qa8+ Bd8 37. Rc8 Qf6 38. Rc5 Kg7 39. Kg2 Qe5 40. Rc8 Qf6 41. Rc5 Qe6 42. Rc8 Qe7 43. Rc5 Qe5 44. Rc8 Qg5 45. Qb8 Qf6 46. Qa8 Kh7 47. Rc5 Qe6 48. Rc8 Bf6 1/2-1/2

[Event "Nikaia op 24th"]
[Site "Nikaia"]
[Date "2016.08.29"]
[Round "5"]
[White "Stathopoulos, Ioannis"]
[Black "Kouskoutis, Georgios Alexandros"]
[Result "1-0"]
[WhiteElo "2387"]
[BlackElo "2136"]
[PlyCount "90"]
[EventDate "2016.08.25"]
[EventType "swiss"]
[EventRounds "9"]
[EventCountry "GRE"]
[SourceTitle "CBM 174 Extra"]
[Source "ChessBase"]
[SourceDate "2016.10.10"]
[SourceVersion "1"]
[SourceVersionDate "2016.10.10"]
[SourceQuality "1"]

1. d4 Nf6 2. c4 e6 3. Nf3 c5 4. d5 d6 5. Nc3 exd5 6. cxd5 g6 7. h3 Bg7 8. e4 0-0 9. Bd3 Na6 10. 0-0 Nc7 11. Bf4 a6 12. a4 Rb8 13. Rb1 b5 14. axb5 axb5 15. b4 Nh5 16. Bg5 Qe8 17. Qd2 Na6 18. Na2 f5 19. Rfe1 fxe4 20. Rxe4 Qf7 21. Be7 Nf6 22. Ree1 c4 23. Bc2 Bb7 24. Bxd6 Rbd8 25. Ng5 Qxd5 26. Qxd5+ Bxd5 27. Bxf8 Bxf8 28. Ne6 Bxe6 29. Rxe6 Rd6 30. Rxd6 Bxd6 31. Nc3 Nc7 32. Ne4 Nxe4 33. Bxe4 Kf7 34. Kf1 Na6 35. Rd1 Ke7 36. Bc6 Nxb4 37. Bxb5 c3 38. Re1+ Kf6 39. Re4 g5 40. Rc4 Na2 41. Ke2 Bf4 42. Kd3 Bd2 43. Kc2 Ke5 44. Ra4 Nc1 45. Ra1 Kd5 1-0

[Event "Nikaia op 24th"]
[Site "Nikaia"]
[Date "2016.08.28"]
[Round "4"]
[White "Loutragotis, Dimitrios"]
[Black "Stathopoulos, Ioannis"]
[Result "0-1"]
[WhiteElo "2013"]
[BlackElo "2387"]
[PlyCount "64"]
[EventDate "2016.08.25"]
[EventType "swiss"]
[EventRounds "9"]
[EventCountry "GRE"]
[SourceTitle "CBM 174 Extra"]
[Source "ChessBase"]
[SourceDate "2016.10.10"]
[SourceVersion "1"]
[SourceVersionDate "2016.10.10"]
[SourceQuality "1"]

1. e4 c5 2. Nf3 d6 3. Nc3 a6 4. d4 cxd4 5. Nxd4 Nf6 6. h3 e5 7. Nde2 h5 8. Bg5 Be6 9. Bxf6 Qxf6 10. Nd5 Qd8 11. Nec3 Nc6 12. Qd3 g6 13. 0-0-0 Bh6+ 14. Kb1 Rc8 15. g3 0-0 16. f4 Nd4 17. Rd2 Bxd5 18. Nxd5 Ne6 19. Rf2 h4 20. fxe5 Qg5 21. Be2 Nc5 22. Qf3 hxg3 23. Rg2 Qxe5 24. Nf6+ Kg7 25. Ng4 Qxe4 26. Qf6+ Kh7 27. Qh4 Qf4 28. Rf1 Qg5 29. Qxg3 Ne4 30. Qe1 Nd2+ 31. Ka1 Nxf1 32. Qxf1 Rxc2 0-1

[Event "Nikaia op 24th"]
[Site "Nikaia"]
[Date "2016.08.25"]
[Round "1"]
[White "Stathopoulos, Ioannis"]
[Black "Banos, Polyhronis"]
[Result "1-0"]
[WhiteElo "2387"]
[BlackElo "1823"]
[PlyCount "65"]
[EventDate "2016.08.25"]
[EventType "swiss"]
[EventRounds "9"]
[EventCountry "GRE"]
[SourceTitle "CBM 174 Extra"]
[Source "ChessBase"]
[SourceDate "2016.10.10"]
[SourceVersion "1"]
[SourceVersionDate "2016.10.10"]
[SourceQuality "1"]

1. d4 Nc6 2. c4 e5 3. d5 Nce7 4. e4 Ng6 5. Nf3 Bc5 6. Nc3 Nf6 7. h3 a6 8. g3 d6 9. Bg2 0-0 10. 0-0 Bd7 11. Kh1 Ne8 12. h4 Bg4 13. Qc2 Qc8 14. Nh2 Bh3 15. h5 Bxg2+ 16. Kxg2 Ne7 17. f4 exf4 18. Bxf4 c6 19. Rad1 cxd5 20. cxd5 b5 21. Qe2 f6 22. Ng4 Qd7 23. h6 g6 24. Bg5 b4 25. Nb1 f5 26. Nd2 Nxd5 27. exd5 fxg4 28. Rxf8+ Kxf8 29. Rf1+ Kg8 30. Be7 Nc7 31. Ne4 Kh8 32. Nxc5 dxc5 33. Qe5+ 1-0

[Event "Kavala op 25th"]
[Site "Kavala"]
[Date "2016.08.04"]
[Round "7"]
[White "Stathopoulos, Ioannis"]
[Black "Zhigalko, Andrey"]
[Result "1/2-1/2"]
[WhiteElo "2387"]
[BlackElo "2610"]
[PlyCount "67"]
[EventDate "2016.07.30"]
[EventType "swiss"]
[EventRounds "9"]
[EventCountry "GRE"]
[SourceTitle "CBM 173 Extra"]
[Source "ChessBase"]
[SourceDate "2016.08.29"]
[SourceVersion "1"]
[SourceVersionDate "2016.08.29"]
[SourceQuality "1"]

1. d4 Nf6 2. c4 e6 3. Nf3 b6 4. g3 Ba6 5. b3 Bb4+ 6. Bd2 Be7 7. Bg2 c6 8. Bc3 d5 9. Nbd2 0-0 10. 0-0 Bb7 11. Qc2 a5 12. e4 Na6 13. Ne5 Qc7 14. Rac1 Rad8 15. Qb2 Qb8 16. Nd3 Nb4 17. Bxb4 axb4 18. c5 bxc5 19. Nxc5 Nd7 20. Nxd7 Rxd7 21. Nf3 Bd6 22. Rfd1 Rfd8 23. e5 Be7 24. Ne1 c5 25. dxc5 Rc7 26. Qd4 Rdc8 27. Nd3 Ba6 28. Qxb4 Qxb4 29. Nxb4 Be2 30. Rd2 Rxc5 31. Rxc5 Rxc5 32. Rxe2 Rc1+ 33. Bf1 Bxb4 34. Kg2 1/2-1/2

[Event "Kavala op 25th"]
[Site "Kavala"]
[Date "2016.08.03"]
[Round "6"]
[White "Indjic, Aleksandar"]
[Black "Stathopoulos, Ioannis"]
[Result "1/2-1/2"]
[WhiteElo "2547"]
[BlackElo "2387"]
[PlyCount "125"]
[EventDate "2016.07.30"]
[EventType "swiss"]
[EventRounds "9"]
[EventCountry "GRE"]
[SourceTitle "CBM 173 Extra"]
[Source "ChessBase"]
[SourceDate "2016.08.29"]
[SourceVersion "1"]
[SourceVersionDate "2016.08.29"]
[SourceQuality "1"]

1. d4 Nf6 2. Bg5 Ne4 3. h4 c5 4. d5 g6 5. Nd2 Nxg5 6. hxg5 Bg7 7. c3 d6 8. Ngf3 h6 9. Qa4+ Qd7 10. gxh6 Rxh6 11. Qxd7+ Nxd7 12. Rxh6 Bxh6 13. e4 f5 14. Bd3 Nf6 15. Ke2 Kf7 16. Rh1 Kg7 17. c4 e5 18. Rb1 b5 19. cxb5 fxe4 20. Nxe4 c4 21. Bc2 Bf5 22. Nxf6 Bxc2 23. Rh1 Bd3+ 24. Kd1 Rc8 25. Ng4 Bf4 26. Ne3 c3 27. b3 Rb8 28. Ne1 e4 29. N3c2 Bxc2+ 30. Kxc2 Rxb5 31. f3 Rxd5 32. fxe4 Rd2+ 33. Kxc3 Rxa2 34. Nd3 Bg5 35. g3 Rg2 36. Rh3 Bf6+ 37. Kc4 g5 38. Kd5 g4 39. Rh1 Rxg3 40. Nf4 Rf3 41. Ne6+ Kg6 42. Kxd6 Rd3+ 43. Kc5 Be5 44. Rf1 Rf3 45. Rg1 g3 46. Kd5 Kf6 47. Nc5 Bf4 48. e5+ Kf5 49. e6 Re3 50. b4 Re5+ 51. Kc6 Kg4 52. Kd7 Bg5 53. Kd6 Re2 54. Kd5 Kf3 55. Ne4 Rxe4 56. Rxg3+ Kxg3 57. Kxe4 Kg4 58. b5 Bd8 59. Ke5 Kg5 60. Kd6 Kf6 61. Kd7 Be7 62. Kc6 Kxe6 63. b6 1/2-1/2